000 00302nam a22001337a 4500
008 170914b xxu||||| |||| 00| 0 eng d
020 _a0871920840
041 _aeng
080 _a7
100 _a44
101 _aART
245 _aART YOUR VISUAL ENVIRON MENT
_cBROMMER.G.F
942 _2udc
_cBK
999 _c27651
_d27651